Sanat - "Yö on kuulas" - Suvi Teräsniska - Statistics

Yleistilastot
  • Tätä visaa on pelattu 5 kertaa
  • Keskiarvotulos 71 / 109
Vastaustilastot
Vastaus % Oikein
ja
100%
kuulas
100%
kuulla
100%
on
100%
se
100%
sen
100%
vain
100%
Voin
100%
voin
100%
100%
100%
aivan
67%
hiljaisuuden
67%
jouluyö
67%
kirkkautta
67%
kuin
67%
kuinka
67%
loi
67%
loistaa
67%
67%
mieli
67%
niin
67%
rannaton
67%
soi
67%
sointu
67%
toistaa
67%
uuden
67%
valkohanki
67%
yhtä
67%
jää
33%
jäänyt
33%
joulumieli
33%
kai
33%
kaipaus
33%
kiire
33%
kun
33%
lapsi
33%
olla
33%
ristiriidaton
33%
sielunsoitto
33%
tähtitaivas
33%
tyyni
33%
tyytyväisyys
33%
antaa
0%
kantaa
0%
kauas
0%
kohtalon
0%
mielen
0%
miete
0%
murtaa
0%
myös
0%
oisin
0%
rauhan
0%
toivon
0%
yksinäisyys
0%
Ehtoja vastaavia visoja ei löytynyt
Tulosjakauma
Jokaisen tuloksen saaneiden osuus
Persentiili vastausten määrän mukaan
Tuloshistoriasi
Et ole pelannut tätä visaa